Closely observed infants

Αποθηκεύτηκε σε:
Λεπτομέρειες βιβλιογραφικής εγγραφής
Άλλοι συγγραφείς: Miller, Lisa (Επιμελητής έκδοσης)
Μορφή: Βιβλίο
Γλώσσα:English
Δημοσίευση: London : Duckworth, 1989
Θέματα:
Ετικέτες: Προσθήκη ετικέτας
Δεν υπάρχουν, Καταχωρήστε ετικέτα πρώτοι!

MARC

LEADER 00000nam a2200000 i 4500
001 1/3290
008 000519s1989 eng d
020 |a 0-7156-2311-7 
035 |l 10060744 
040 |a GR-MY-UA  |b gre  |e aacr 
041 0 |a eng 
082 0 |a 155.4 
245 1 0 |a Closely observed infants /  |c edited by Lisa Miller ... [et al.] 
260 |a London :   |b Duckworth,   |c 1989 
300 |a 221 p. 
650 0 0 |a Child development. 
650 0 0 |a Child psychology. 
650 0 0 |a Infant psychology. 
700 1 |a Miller, Lisa.  |4 edt 
852 |a INST  |b RHODES  |e 20000519  |h 155.4 CLO  |p 005400013399  |q 005400013399  |t BK  |y 0 
901 |a BIBL4-2000-2 
909 |a Ρ  |b 077902 
922 |a 4ΕΛΗ  |b 200004  |c ΚΠΣ/154  |d GLORY BOOKS 
970 |a ΚΟΥΛΑΚΙΟΤΗ  |b ΛΙΤΣΑ  |z 2000/05/19